| 000 | 00728nam a2200217Ia 4500 | ||
|---|---|---|---|
| 003 | GCL | ||
| 008 | 140319s9999 xx 000 0 ara d | ||
| 040 |
_aGCL / _cGCL |
||
| 082 | 0 | 4 |
_a320.54 _bد خ |
| 100 | 1 | _aرياض نجيب الريس | |
| 245 | 1 | 0 |
_aالخليج العربى ورياح التغيير / _cرياض نجيب الريس |
| 260 |
_a[S.N] : _bرياض الريس للكتب والنشر |
||
| 300 | _a87 ص | ||
| 490 |
_aسلسلة قضايا راهنة _v0 |
||
| 650 | 0 | 4 | _aالشرق الاوسط |
| 650 | 0 | 4 | _aالديمقراطية |
| 650 | 0 | 4 | _aالوحدة العربية |
| 650 | 0 | 4 | _aالقومية العربية |
| 650 | 0 | 4 | _aالحرب العراقية الايرانية |
| 942 |
_2ddc _cBK |
||
| 999 |
_c55335 _d55335 |
||